Statistiques concernant Pokemon rivaux

Cliquez ici pour prendre le quiz!

Statistiques générales

  • Ce quiz a été pris 87 fois
  • Le résultat moyen est 16 sur 23

Statistiques - réponses

JeuRival% Correct
R/B/J,RF/VFBlue
96%
N/BN
86%
N/BBianca
84%
R/S/E,OR/ASFlora
84%
O/A/C,HG/SSSilver
84%
N/BTcheren
83%
S/L,US/ULTili
80%
R/S/E,OR/ASTimmy
80%
X/YSerena
79%
R/S/E,OR/ASBrice
77%
X/YTierno
77%
X/YTrovato
76%
E/BNabil
74%
S/L,US/ULGladio
71%
E/BRosemary
70%
D/P/PTBarry
64%
X/YSannah
63%
N2/B2Matis
59%
E/BTravis
57%
X/YKalem
56%
LGP/LGETrace
27%
E/BSophora
24%
E/BSaturnin
23%

Distribution des résultats

Percentile par nombre de réponses

% des personnes avec chaque résultat

Votre développement - résultats

Vous n’avez pas pris ce quiz